NBA all stars 2016-2017 - Statistics

General Stats
  • This quiz has been taken 369 times
    332 since last reset
  • The average score is 16 of 24
Answer Stats
Conference Position Player % Correct
West Point Guard Curry
98%
East Small Forward James
95%
West Small Forward Durant
90%
East Point Guard Irving
87%
West Point Guard Westbrook
86%
West Shooting Guard Harden
83%
West Shooting Guard Thompson
81%
West Small Forward Leonard
74%
West Power Forward Green
73%
West Power Forward Davis
72%
East Small Forward George
72%
West Center Cousins
66%
East Point Guard Wall
63%
East Shooting Guard Derozan
61%
East Point Guard Lowry
60%
East Point Guard Thomas
60%
East Shooting Guard Butler
59%
East Small Forward Anthony
55%
West Center Jordan
51%
West Center Gasol
50%
East Point Guard Walker
48%
East Small Forward Antetokounmpo
46%
East Power Forward Millsap
39%
West Small Forward Hayward
38%
No matching quizzes found
Score Distribution
Percent of People with Each Score
Percentile by Number Answered
Your Score History
You have not taken this quiz since the last reset